Κατάλογος Βιβλιοθηκών Mediterranean College

A Tower in Babel / A History of Broadcasting in the United States: Volume I to 1933 (Record no. 4146)

MARC details
000 -LEADER
fixed length control field 02088cam a22002054a 4500
005 - ΗΜΕΡΟΜΗΝΙΑ ΚΑΙ ΩΡΑ ΤΕΛΕΥΤΑΙΑΣ ΕΝΗΜΕΡΩΣΗΣ
Πεδίο ελέγχου 20250605164137.0
008 - FIXED-LENGTH DATA ELEMENTS--GENERAL INFORMATION
Πεδίο ελέγχου σταθερού μήκους 250528s ||||||||||||||||||||||||d
035 ## - SYSTEM CONTROL NUMBER
System control number 18834
020 ## - ISBN
ISBN 6622258
040 ## - ΠΗΓΗ ΚΑΤΑΛΟΓΟΓΡΑΦΗΣΗΣ
Φορέας πρωτότυπης καταλογογράφησης MC Athens Campus Library
Γλώσσα καταλογογράφησης Ελληνικά, Μοντέρνα (1453-)
Modifying agency MC Athens Campus Library
Κανόνες περιγραφικής καταλογογράφησης AACR2
245 1# - ΤΙΤΛΟΣ ΚΑΙ ΔΗΛΩΣΗ ΥΠΕΥΘΥΝΟΤΗΤΑΣ
Τίτλος A Tower in Babel / A History of Broadcasting in the United States: Volume I to 1933
260 ## - PUBLICATION, DISTRIBUTION, ETC.
Name of publisher, distributor, etc. Oxford University Press,
Date of publication, distribution, etc. 1966
300 ## - PHYSICAL DESCRIPTION
Extent 348
505 0# - FORMATTED CONTENTS NOTE
Formatted contents note Introduction, The Black Box, On Native Soil, Voices in the Night, Mission in the Ether, The Greatest Bunch of Junk, Builders, War, The Big Ones, Cloak and Dagger Wireless, Golden Sunset, Watching the Ramparts, Covenants Quietly Arrived At, Ferment, Decision in Pittsburgh, Towers, Up a Ladder in Newark, Chicago - the City of Opera, The Euphoria of 1922, Phone Booth of the Air, Discord, Shade of the Potted Palm, Explorations: 1923-24, Washington Gifts, Dear and Dear Friends, Crisis in the Air, Web, Upstart, A Law is Made, The Cooliridge Hour, Birth of the FRC, Plunk and Luck, Ain't Dat Sumpin?, Upward, Panic, But First, Come in World, Ghosts, Arena, November Deadline, God and Mammon, Chat, Appendices, The Radio Act of 1912, The Radio Act of 1927, Bibliography, Index.
520 ## - SUMMARY, ETC.
Summary, etc. Introduction, The Black Box, On Native Soil, Voices in the Night, Mission in the Ether, The Greatest Bunch of Junk, Builders, War, The Big Ones, Cloak and Dagger Wireless, Golden Sunset, Watching the Ramparts, Covenants Quietly Arrived At, Ferment, Decision in Pittsburgh, Towers, Up a Ladder in Newark, Chicago - the City of Opera, The Euphoria of 1922, Phone Booth of the Air, Discord, Shade of the Potted Palm, Explorations: 1923-24, Washington Gifts, Dear and Dear Friends, Crisis in the Air, Web, Upstart, A Law is Made, The Cooliridge Hour, Birth of the FRC, Plunk and Luck, Ain't Dat Sumpin?, Upward, Panic, But First, Come in World, Ghosts, Arena, November Deadline, God and Mammon, Chat, Appendices, The Radio Act of 1912, The Radio Act of 1927, Bibliography, Index.
700 1# - ΠΡΟΣΘΕΤΗ ΑΝΑΓΡΑΦΗ--ΦΥΣΙΚΟ ΠΡΟΣΩΠΟ
Personal name Barnouw Erik
9 (RLIN) 5100
942 ## - ADDED ENTRY ELEMENTS (KOHA)
Koha item type Books
Holdings
Τύπος τεκμηρίου Βιβλιοθήκη Τρέχουσα τοποθεσία Barcode Αριθμός εισαγωγής Ημερομηνία απόκτησης Ταξιθετικό σύμβολο Αριθμός αντιτύπου Κατάσταση απόσυρσης Κατάσταση χαμένου Κατάσταση κατεστραμμένου Μη δανεισμός Σύνολο δανεισμών Ημερομηνία τελευταίας εμφάνισης Η τιμή ισχύει από
Books MC Athens Campus Library MC Athens Campus Library 9780000041456 3747 05/06/2025 384.540973 BAR V.I 1           05/06/2025 05/06/2025

MC Athens Campus Library
Πατησίων 94 & Κοδριγκτώνος 13, 104 34
Πελλήνης 8 & Πατησίων 107, 112 51
Τ: +30 210 8899600

MC Thessaloniki Campus Library
Ίωνος Δραγούμη 21, 54625 | Ίωνος Δραγούμη 15, 54625
Τ: +30 2310 287779 – Τ: +30 2314 440300